000 00311nam a2200121Ia 4500
005 20251222155144.0
008 251222s9999||||xx |||||||||||||| ||spa||
082 _aNUT.25
100 _aMINISTERIO DE SALUD,
245 0 _aMódulo de capacitación Orientación y manejo aliment
264 _bMinsa
942 _cLIB
999 _c39292
_d39292